LOW VISION AIDS PRACTICE (Record no. 1688)

MARC details
000 -LEADER
fixed length control field 00347nam a2200145Ia 4500
008 - FIXED-LENGTH DATA ELEMENTS--GENERAL INFORMATION
fixed length control field 150201s2007 xx 000 0 und d
082 ## - DEWEY DECIMAL CLASSIFICATION NUMBER
Classification number 617.7
Item number LO7B
100 ## - MAIN ENTRY--PERSONAL NAME
Personal name BHOOTRA, AJAY KUMAR
245 ## - TITLE STATEMENT
Title LOW VISION AIDS PRACTICE
250 ## - EDITION STATEMENT
Edition statement 2ND
260 ## - PUBLICATION, DISTRIBUTION, ETC. (IMPRINT)
Name of publisher, distributor, etc. JAYPEE
Place of publication, distribution, etc. DELHI
Date of publication, distribution, etc. 2007
300 ## - PHYSICAL DESCRIPTION
Extent 1-130
650 ## - SUBJECT ADDED ENTRY--TOPICAL TERM
Topical term or geographic name as entry element OPHTHALMOLOGY
942 ## - ADDED ENTRY ELEMENTS (KOHA)
Source of classification or shelving scheme Dewey Decimal Classification
Koha item type Books
Koha issues (borrowed), all copies 16
Holdings
Withdrawn status Lost status Source of classification or shelving scheme Damaged status Not for loan Collection code Home library Current library Shelving location Date acquired Source of acquisition Cost, normal purchase price SGTU Bill Number Total Checkouts Full call number Barcode Date last seen Date last checked out Bill Date Koha item type
    Dewey Decimal Classification     MEDICAL SGT Medical Library SGT Medical Library Text Book 23/01/2014 ABC DELHI 300.00 SGTU 4209 16 617.7 LO7B FM5871 20/01/2024 28/11/2022 17/02/2014 Books
    Dewey Decimal Classification     MEDICAL SGT Medical Library SGT Medical Library Text Book 23/01/2014 ABC DELHI 300.00 SGTU 4209 21 617.7 LO7B FM5872 04/03/2024 22/02/2024 14/02/2014 Books
    Dewey Decimal Classification     MEDICAL SGT Medical Library SGT Medical Library Text Book 23/01/2014 ABC DELHI 300.00 SGTU 4209 24 617.7 LO7B FM5873 09/06/2021 19/04/2021 14/02/2014 Books
    Dewey Decimal Classification     MEDICAL SGT Medical Library SGT Medical Library Text Book 23/01/2014 ABC DELHI 300.00 SGTU 4209 34 617.7 LO7B FM5874 12/06/2025 10/06/2025 14/02/2014 Books
    Dewey Decimal Classification     MEDICAL SGT Medical Library SGT Medical Library Text Book 23/01/2014 ABC DELHI 300.00 SGTU 4209 20 617.7 LO7B FM5875 13/07/2022 29/06/2022 14/02/2014 Books